Top 10 Countries by Category #5 - Statistics

General Stats
  • This quiz has been taken 170 times
  • The average score is 44 of 60
Answer Stats
Category Rank Country Value % Correct
Most Starbucks 1 United States 15,952
100%
Most Jetpunk Users 1 United States 25
100%
Most Billionaires 1 United States 750
100%
Best Education (USN) 1 United States 86.0%
100%
Most Starbucks 2 China 6,147
97%
Most Billionaires 2 China 503
97%
Most Jetpunk Users 2 France 15
94%
Most Billionaires 10 France 47
94%
Best Education (USN) 5 France 99.0%
94%
Most Jetpunk Users 5 Germany 6
93%
Most Billionaires 4 Germany 122
93%
Best Education (USN) 3 Germany 99.0%
93%
Most Billionaires 3 India 177
93%
Most Starbucks 5 United Kingdom 1,214
93%
Most Jetpunk Users 3 United Kingdom 12
93%
Most Billionaires 9 United Kingdom 55
93%
Best Education (USN) 2 United Kingdom 99.0%
93%
Most Jetpunk Users 7 Brazil 3
90%
Most Billionaires 8 Brazil 58
90%
Most Mangroves 7 Brazil 6,222
90%
Most Starbucks 3 Canada 2,359
90%
Most Jetpunk Users 6 Canada 5
90%
Most Billionaires 6 Canada 65
90%
Best Education (USN) 4 Canada 99.0%
90%
Most Starbucks 4 Japan 1,415
90%
Best Education (USN) 7 Japan 99.0%
90%
Most Starbucks 9 Mexico 531
88%
Most Mangroves 4 Mexico 8,214
88%
Most Billionaires 5 Russia 105
88%
Most Jetpunk Users 8 Australia 3
87%
Most Mangroves 2 Australia 26,011
87%
Best Education (USN) 8 Australia 99.0%
87%
Most Jetpunk Users 9 Italy 2
85%
Most Billionaires 7 Italy 63
85%
Most Starbucks 10 Indonesia 500
83%
Most Mangroves 1 Indonesia 40,772
83%
Most Starbucks 6 South Korea 1,080
78%
Best Education (USN) 9 Sweden 99.0%
76%
Best Education (USN) 6 Switzerland 99.0%
63%
Most Mangroves 5 Malaysia 6,572
58%
Most Jetpunk Users 10 Netherlands 2
56%
Best Education (USN) 10 Netherlands 99.0%
56%
Most Mangroves 3 Nigeria 8,550
52%
Most Jetpunk Users 4 Poland 10
52%
Most Starbucks 7 Turkey 663
52%
Most Fragile 7 Sudan 106
50%
Most Mangroves 8 Philippines 5,878
49%
Most Fragile 3 South Sudan 109
49%
Most Fragile 1 Somalia 112
48%
Most Starbucks 8 Taiwan 550
48%
Most Fragile 5 Syria 107
44%
Most Fragile 9 Chad 105
35%
Most Fragile 6 Afghanistan 107
33%
Most Fragile 8 Central African Republic 106
33%
Most Mangroves 10 Myanmar 4,305
33%
Most Fragile 2 Yemen 109
33%
Most Fragile 4 Dem. Republic of the Congo 107
27%
Most Mangroves 6 Papua New Guinea 6,548
27%
Most Fragile 10 Haiti 103
24%
Most Mangroves 9 Mozambique 5,126
18%
No matching quizzes found
Score Distribution
Percent of People with Each Score
Percentile by Number Answered
Your Score History
You have not taken this quiz